[Event "NCA-ch sf"]
[Site "Managua"]
[Date "2023.02.05"]
[Round "6.22"]
[White "Zelaya Mendoza, Roger Jose"]
[Black "Olivares, Odell"]
[Result "1-0"]
[WhiteElo "1403"]
[BlackElo "1529"]
[PlyCount "109"]
[EventDate "2023.01.28"]
[EventType "swiss"]
[EventRounds "9"]
[EventCountry "NCA"]
[SourceTitle "CBM 213 Extra"]
[Source "ChessBase"]
[SourceDate "2023.05.31"]
[SourceVersion "1"]
[SourceVersionDate "2023.05.31"]
[SourceQuality "1"]

1. e4 e6 2. Nf3 d5 3. exd5 exd5 4. d4 Bd6 5. Bd3 Bg4 6. 0-0 Ne7 7. Re1 Qd7 8. Bg5 f6 9. Bh4 Nbc6 10. c3 g5 11. Bg3 0-0-0 12. Bxd6 Qxd6 13. Nbd2 h5 14. h3 Bf5 15. Nb3 g4 16. Nh4 Bxd3 17. Qxd3 gxh3 18. Qxh3+ Kb8 19. Re6 Qf4 20. Rae1 Rhg8 21. g3 Qg5 22. Rxe7 Nxe7 23. Rxe7 f5 24. Re1 Rde8 25. Rxe8+ Rxe8 26. Nf3 Qg6 27. Ne5 Qh7 28. Nc5 b6 29. Ncd7+ Kb7 30. Nf6 Qh8 31. Nxe8 Qxe8 32. Qxf5 h4 33. g4 Qa4 34. Qb1 Qe8 35. b3 Qf8 36. Qg6 Qf4 37. Qc6+ Kb8 38. Qxd5 Qc1+ 39. Kg2 Qxc3 40. Qd8+ Kb7 41. Qxh4 Qxd4 42. Qg3 c6 43. g5 Qd5+ 44. Nf3 a5 45. g6 b5 46. g7 Qg8 47. Qg6 Kb6 48. Qf6 Qc8 49. Qg6 Qg8 50. Kg3 Qb8+ 51. Kg4 Qc8+ 52. Kg5 Qh3 53. g8Q Qg2+ 54. Kh6 Qh3+ 55. Qh5 1-0

[Event "NCA-ch sf"]
[Site "Managua"]
[Date "2023.02.04"]
[Round "4.20"]
[White "Olivares, Odell"]
[Black "Sandoval Gutierrez, William"]
[Result "0-1"]
[WhiteElo "1529"]
[BlackElo "1692"]
[PlyCount "70"]
[EventDate "2023.01.28"]
[EventType "swiss"]
[EventRounds "9"]
[EventCountry "NCA"]
[SourceTitle "CBM 213 Extra"]
[Source "ChessBase"]
[SourceDate "2023.05.31"]
[SourceVersion "1"]
[SourceVersionDate "2023.05.31"]
[SourceQuality "1"]

1. d4 g6 2. e4 Bg7 3. Nc3 c5 4. Nf3 cxd4 5. Nxd4 Nc6 6. Be3 Nf6 7. Be2 d6 8. Qd2 0-0 9. f3 Bd7 10. 0-0-0 a6 11. Bh6 Nxd4 12. Bxg7 Nxe2+ 13. Nxe2 Kxg7 14. h4 h5 15. Kb1 Rc8 16. Nf4 Rh8 17. Nd5 Nxd5 18. Qxd5 Be6 19. Qd4+ f6 20. f4 Qc7 21. Rd2 Qc4 22. Qxc4 Rxc4 23. Re1 Kf7 24. b3 Rc5 25. Rde2 Rhc8 26. Kb2 Bg4 27. Rd2 R8c7 28. c4 b5 29. cxb5 axb5 30. b4 Rc4 31. a3 Be6 32. Ree2 Rc3 33. Rc2 Rb3+ 34. Kc1 Rxc2+ 35. Rxc2 Rxa3 0-1

[Event "NCA-chT 1st Stage"]
[Site "Managua"]
[Date "2021.10.03"]
[Round "5.1"]
[White "Cortez Ruiz, Luis Miguel"]
[Black "Olivares, Odell"]
[Result "1-0"]
[WhiteElo "1540"]
[BlackElo "1613"]
[PlyCount "97"]
[EventDate "2021.09.25"]
[EventType "team-swiss"]
[EventRounds "9"]
[EventCountry "NCA"]
[SourceTitle "EXT 2023"]
[Source "ChessBase"]
[SourceDate "2022.10.05"]
[SourceVersion "1"]
[SourceVersionDate "2022.10.05"]
[SourceQuality "1"]
[WhiteTeam "Ciudad Sandino"]
[BlackTeam "Centro America"]
[WhiteTeamCountry "NCA"]
[BlackTeamCountry "NCA"]

1. e4 e6 2. d4 d5 3. e5 c5 4. c3 Nc6 5. Nf3 Qb6 6. Bd3 Bd7 7. Bc2 cxd4 8. cxd4 Nb4 9. 0-0 Nxc2 10. Qxc2 Rc8 11. Nc3 Ne7 12. Re1 Nf5 13. Be3 Be7 14. Rac1 Nxe3 15. Rxe3 g5 16. h3 h5 17. g4 hxg4 18. hxg4 Kf8 19. Kg2 Kg7 20. Qd2 Rcg8 21. Ree1 Kf8 22. Rh1 Qd8 23. Qd3 a6 24. Rh7 f5 25. exf6 Bxf6 26. Ne5 Rxh7 27. Qxh7 Bxe5 28. dxe5 Bc6 29. Kg3 d4 30. Ne4 Qd5 31. Qxg8+ Kxg8 32. Nf6+ Kf7 33. Nxd5 Bxd5 34. Rd1 Bxa2 35. Rxd4 Bd5 36. f4 Kg6 37. f5+ Kf7 38. Kf2 b5 39. Ke3 Bc4 40. Rd7+ Ke8 41. Rg7 a5 42. Rxg5 exf5 43. gxf5 a4 44. Kd4 Kf7 45. Rg6 Bb3 46. Rb6 Bc4 47. Rb7+ Ke8 48. e6 Bf1 49. f6 1-0

[Event "NCA-ch op"]
[Site "Managua"]
[Date "2021.09.05"]
[Round "5"]
[White "Avalos, Carlos"]
[Black "Olivares, Odell"]
[Result "1-0"]
[WhiteElo "1837"]
[BlackElo "1614"]
[PlyCount "149"]
[EventDate "2021.08.28"]
[EventType "swiss"]
[EventRounds "9"]
[EventCountry "NCA"]
[SourceTitle "EXT 2023"]
[Source "ChessBase"]
[SourceDate "2022.10.05"]
[SourceVersion "1"]
[SourceVersionDate "2022.10.05"]
[SourceQuality "1"]

1. d4 Nf6 2. e3 d5 3. Bd3 Bg4 4. Ne2 Bh5 5. Nd2 Bg6 6. 0-0 e6 7. f4 Bxd3 8. cxd3 Bd6 9. Nf3 0-0 10. Qc2 Nbd7 11. e4 Ne8 12. e5 Be7 13. Be3 Rc8 14. Qa4 a6 15. b4 c6 16. a3 Nc7 17. Rac1 b5 18. Qb3 Ne8 19. Rc3 f5 20. Rfc1 Nb8 21. Nd2 g5 22. fxg5 Bxg5 23. Nf4 Bxf4 24. Bxf4 Kh8 25. Nf3 Rg8 26. Qd1 Qe7 27. R3c2 Ng7 28. Bg5 Qf7 29. Bf6 h6 30. Qe1 Kh7 31. Qh4 Qh5 32. Qf4 Qg4 33. Qxg4 fxg4 34. Nh4 Nh5 35. Be7 Nf4 36. Rd1 Ng6 37. Nxg6 Rxg6 38. Rdc1 g3 39. h3 h5 40. Rf1 Rg7 41. Bh4 Rcg8 42. Rf6 Re8 43. Rc1 Nd7 44. Rf3 Rf8 45. Rxf8 Nxf8 46. Rxc6 Ra7 47. Bg5 a5 48. Bd2 axb4 49. Bxb4 Rf7 50. Rb6 Ng6 51. Bd2 Nf4 52. Rxb5 Nxd3 53. Rb3 Nf4 54. Bxf4 Rxf4 55. Rd3 Kg6 56. a4 Rf7 57. Rxg3+ Kh6 58. a5 Ra7 59. Ra3 Kg5 60. Kf2 Kf4 61. g3+ Ke4 62. Ra4 Kd3 63. g4 hxg4 64. hxg4 Kc3 65. a6 Kb3 66. Ra1 Kc3 67. Ke3 Kb2 68. Ra5 Kc3 69. g5 Kb4 70. Ra1 Kb5 71. g6 Kb6 72. Kf4 Kb5 73. g7 Rxg7 74. a7 Rf7+ 75. Ke3 1-0

[Event "NCA-ch op"]
[Site "Managua"]
[Date "2021.08.29"]
[Round "2"]
[White "Olivares, Odell"]
[Black "Ruiz Treminio, Bismark"]
[Result "1-0"]
[WhiteElo "1614"]
[BlackElo "1138"]
[PlyCount "131"]
[EventDate "2021.08.28"]
[EventType "swiss"]
[EventRounds "9"]
[EventCountry "NCA"]
[SourceTitle "EXT 2023"]
[Source "ChessBase"]
[SourceDate "2022.10.05"]
[SourceVersion "1"]
[SourceVersionDate "2022.10.05"]
[SourceQuality "1"]

1. d4 g6 2. Bf4 d5 3. Nc3 a6 4. Qd2 Nc6 5. Nf3 f6 6. h4 Bg7 7. e4 dxe4 8. Nxe4 Bg4 9. Nh2 Bf5 10. Ng3 Nxd4 11. Nxf5 Nxf5 12. Qb4 b6 13. Bd3 Qd4 14. Qxd4 Nxd4 15. 0-0-0 Ne6 16. Bg3 f5 17. Bc4 Bh6+ 18. Kb1 Nf4 19. Bxf4 Bxf4 20. g3 Bd6 21. Nf3 Nf6 22. Rhe1 b5 23. Be6 Ne4 24. Re2 Rd8 25. Bd5 Nf6 26. Bc6+ Nd7 27. Ng5 h6 28. Ne6 Rb8 29. Nxc7+ Kd8 30. Ne6+ Kc8 31. Bxd7+ Kxd7 32. Nc5+ Kc6 33. Nd3 Rhe8 34. Re6 Rbd8 35. Rxg6 e6 36. c3 f4 37. g4 f3 38. Kc2 a5 39. Rxh6 Rh8 40. Rxe6 Rxh4 41. a3 Kc7 42. g5 Rh2 43. g6 Rg2 44. Rf6 Rg8 45. Rf7+ Kc8 46. Rxf3 R2xg6 47. Nc1 b4 48. axb4 axb4 49. Rfd3 Kc7 50. c4 Kc6 51. b3 Rf8 52. f3 Bf4 53. Kb1 Bxc1 54. Kxc1 Ra8 55. Kb1 Rgg8 56. f4 Raf8 57. Rf3 Rf6 58. Rd4 Rf5 59. Re4 Kc5 60. Kc2 Rd8 61. Re5+ Rxe5 62. fxe5 Rd4 63. Re3 Kc6 64. e6 Rd8 65. e7 Re8 66. Kd3 1-0

[Event "Managua Ramirez de Arellano Memorial"]
[Site "Managua"]
[Date "2021.07.18"]
[Round "6"]
[White "Olivares, Odell"]
[Black "Fonseca Trana, Norlan Antonio"]
[Result "1-0"]
[WhiteElo "1614"]
[BlackElo "1362"]
[PlyCount "105"]
[EventDate "2021.07.10"]
[EventType "swiss"]
[EventRounds "9"]
[EventCountry "NCA"]
[SourceTitle "EXT 2023"]
[Source "ChessBase"]
[SourceDate "2022.10.05"]
[SourceVersion "1"]
[SourceVersionDate "2022.10.05"]
[SourceQuality "1"]

1. d4 d6 2. Bf4 Nf6 3. Nf3 e6 4. Nbd2 Be7 5. e4 0-0 6. Bd3 Nc6 7. a3 Nxd4 8. Nxd4 e5 9. Be3 exd4 10. Bxd4 c5 11. Bc3 Bg4 12. f3 Be6 13. Qe2 a6 14. 0-0 b5 15. b3 Qb6 16. Kh1 Rac8 17. a4 c4 18. bxc4 bxc4 19. Nxc4 Bxc4 20. Bxc4 Qc5 21. Bxf6 Bxf6 22. Bxa6 Bxa1 23. Bxc8 Rxc8 24. Rxa1 Qxc2 25. Qxc2 Rxc2 26. a5 Kf8 27. a6 Rc8 28. a7 Ra8 29. Kg1 Ke7 30. Kf2 h5 31. Ke3 Kd7 32. Kd4 f6 33. h4 Kc6 34. Ra6+ Kb5 35. Rxd6 Rxa7 36. Rd5+ Kb4 37. Rxh5 Ra2 38. g4 Kb3 39. Rb5+ Kc2 40. Ke3 Kd1 41. Rd5+ Ke1 42. h5 Re2+ 43. Kf4 Kf2 44. Rd3 Rb2 45. Kf5 Rb5+ 46. Kg6 Rg5+ 47. Kh7 Kg3 48. h6 gxh6 49. Kxh6 Kf4 50. Rd5 Kxf3 51. Rxg5 fxg5 52. Kxg5 Kxe4 53. Kf6 1-0